Cities Starting with S in Chinese Pinyin - Statistics

General Stats
  • This quiz has been taken 25 times
  • The average score is 11 of 15
Answer Stats
Hint Answer % Correct
Shèng Duō Míng Gē Santo Domingo
89%
Shèng Dié Gē San Diego
83%
Sū Lā Tè Surat
83%
Sà Nà Sana'a
78%
Sà Lā Rè Wō Sarajevo
78%
Shǒu Ěr Seoul
78%
Sà Ěr Wǎ Duō Salvador
72%
Shèng Bǎo Luó São Paulo
72%
Shèng Lù Yì Sī St Louis
72%
Shèng Hé Xī San Jose
67%
Shèng Bǐ Dé Bǎo St Petersburg
67%
Sū Lí Shì Zurich
67%
Sī Tú Jiā Tè Stuttgart
61%
Shèng Dì Yà Gē Santiago
56%
Sī Dé Gē Ěr Mó Stockholm
50%
No matching quizzes found
Score Distribution
Percent of People with Each Score
Percentile by Number Answered
Your Score History
You have not taken this quiz